The collected works of homen borgohain : (Record no. 140769)

MARC details
000 -LEADER
fixed length control field 00572nam a22001817a 4500
005 - DATE AND TIME OF LATEST TRANSACTION
control field 20170703104950.0
010 ## - LCCN (DPL NO)
LC control number ENG-118538
020 ## - INTERNATIONAL STANDARD BOOK NUMBER
International Standard Book Number 9789381506967
Terms of availability 599.00
035 ## - SYSTEM CONTROL NUMBER
System control number EN-102070
037 ## - SOURCE OF ACQUISITION
Source of stock number/acquisition DBAD/PUB
082 ## - DEWEY DECIMAL CLASSIFICATION NUMBER
Classification number S
245 ## - TITLE STATEMENT
Title The collected works of homen borgohain :
Statement of responsibility, etc translated by Pradipta Borgohain
Remainder of title short stories and novellas /
260 ## - PUBLICATION, DISTRIBUTION, ETC. (IMPRINT)
Place of publication, distribution, etc New Delhi
Name of publisher, distributor, etc Amarllis
Date of publication, distribution, etc 2017
270 ## - ADDRESS
Address 7/32, Ansari Road, Dariyaganj
City New Delhi
Postal code 110002
300 ## - PHYSICAL DESCRIPTION
Extent vii,389p.
Dimensions 22cm(Hb)
700 ## - ADDED ENTRY--PERSONAL NAME
Personal name translated by Borgohain, Pradipta
942 ## - ADDED ENTRY ELEMENTS (KOHA)
Source of classification or shelving scheme Dewey Decimal Classification
Item type English Books
Call number suffix BOR
Classification part S
Holdings
Withdrawn status Lost status Not for loan Collection code Home library Current library Date acquired Source of acquisition Cost, normal purchase price Full call number Barcode Copy number Cost, replacement price Koha item type
    Not For Loan Fiction D.B.Act.Division Bawana 06/06/2017 DBAD/PUB 599.00 S BOR EN-102070 1 599.00 English Books

© Delhi Public Library
Hit Counter
free hit counter